| 000 | 01128nam a2200313 a 4500 | ||
|---|---|---|---|
| 001 | BRCA_8566 | ||
| 005 | 20190320210330.0 | ||
| 008 | 180816s1527----it-#######---#000-0#lat-# | ||
| 041 | _alat | ||
| 044 | _ait | ||
| 050 | 4 |
_aKB491 _b.C37 _c1527 |
|
| 100 | 1 |
_aCardani, Hieronymi _921451 |
|
| 245 | 1 | 0 |
_aProxeneta, seu de prudentia ciuili liber recens in sucem protactus vei etenebris erutus _cHieronymi Cardani. |
| 260 |
_aLugd. bat _bEx officina etzeviriana _c1527 |
||
| 300 |
_a767 p. _c13 cm |
||
| 500 | _aFondo antiguo | ||
| 500 | _aSe encuentra en Caja Fuerte | ||
| 500 | _aP-129 | ||
| 500 | _aContiene epistola y dedicatoria | ||
| 500 | _aIncluye tabla de contenido | ||
| 500 | _aGrabado en portada | ||
| 500 | _aCon Ex-libris de: Franz Mayer | ||
| 500 | _aNota de encuadernación: en piel pergamino, se encuentra desprendida del lomo | ||
| 506 | 0 | _aFondo reservado: para su consulta es necesario credencial de usuario y carta de motivos | |
| 650 | 1 | 4 |
_aNormas sociales _vTrabajos anteriores a 1800 _921452 |
| 650 | 1 | 4 |
_aConductas de vida _vTrabajos anteriores a 1800 _921453 |
| 902 | _aLAR | ||
| 942 |
_2lcc _cB |
||
| 999 |
_c8229 _d8229 |
||